| 000 | 00000nam 2200000zi 4500 |
| 001 | 9.931216 |
| 003 | CaOODSP |
| 005 | 20240116131849 |
| 006 | m o d f |
| 007 | cr |n||||||||| |
| 008 | 231130s2022 onca o f000 0 eng d |
| 040 | |aCaOODSP|beng|erda|cCaOODSP |
| 043 | |an-cn--- |
| 086 | 1 |aIu86-60/2-2022E-PDF |
| 245 | 04|aThe laws of attraction for high-value guests : |bhow to appeal to high-value guests. |
| 264 | 1|a[Ottawa] : |bDestination Canada, |c[2022] |
| 300 | |a1 online resource (53 pages, 1 unnumbered page) : |bcolour illustrations |
| 336 | |atext|btxt|2rdacontent |
| 337 | |acomputer|bc|2rdamedia |
| 338 | |aonline resource|bcr|2rdacarrier |
| 500 | |aIssued also in French under title: Lois pour attirer les invités à valeur élevée : Comment tirer parti de l’évolution du marché mondial des voyages haut de gamme? |
| 650 | 0|aTourism|zCanada. |
| 650 | 0|aConsumer satisfaction|zCanada. |
| 710 | 2 |aDestination Canada, |eorganisme de publication. |
| 775 | 08|tLois pour attirer les invités à valeur élevée : |w(CaOODSP)9.931316 |
| 856 | 40|qPDF|s28.01 MB|uhttps://publications.gc.ca/collections/collection_2023/dc/Iu86-60-2-2022-eng.pdf |